| 000 | 00778na a2200265 4500 | ||
|---|---|---|---|
| 001 | 22506 | ||
| 003 | MIRAKIL | ||
| 005 | 20181213155136.0 | ||
| 008 | 170215b tu 000 0 | ||
| 035 | _a21140 | ||
| 040 |
_aMilas _btur _cTR-AnCHP |
||
| 041 | _atur | ||
| 082 |
_a324.2382 _bA22y [2002?] |
||
| 090 | _a324.2382 A22y [2002?] | ||
| 110 | _aAdalet ve Kakınma Partisi (AKP) | ||
| 245 |
_aHerşey Türkiye için _bAk Parti seçim beyannamesi _cAKP |
||
| 260 |
_a[Ankara] _bAKP _c[2002?] |
||
| 300 |
_a84 yaprak _c30 sm. |
||
| 610 |
_aAKP _xPropaganda ve ideolojiler |
||
| 610 |
_aAKP _xSeçim bildirgeleri, 2002 |
||
| 650 |
_aDinci partiler _zTürkiye |
||
| 710 | _aAdalet ve Kakınma Partisi (AKP) | ||
| 830 | _aAdalet ve Kalkınma Partisi | ||
| 942 |
_2ddc _cBKS |
||
| 999 |
_c7368 _d7368 |
||